|
|
|
|
| LEADER |
00000cam a2200000 a 4500 |
| 001 |
vtls010584625 |
| 003 |
SK-MaSNL |
| 005 |
20260302013221.0 |
| 008 |
240318s2014 xo ab e n 001 0 slo |
| 015 |
|
|
|a SNBA2013/07
|
| 020 |
|
|
|a 9788081680021
|q (viaz.)
|
| 035 |
|
|
|a F59575F5-BD5F-4319-BC84-2806C03449D9
|
| 035 |
|
|
|a urn:nbn:sk:snk-amk1j2
|
| 035 |
|
|
|a urn:nbn:sk:snk-am0087lc
|
| 040 |
|
|
|a SNK
|b slo
|c SNK
|e AACR2
|
| 041 |
0 |
|
|a slo
|
| 044 |
|
|
|a xo
|c SK
|
| 072 |
|
7 |
|a 35
|x Verejná správa
|2 konspekt
|
| 080 |
|
|
|a 35
|2 2001
|
| 080 |
|
|
|a (075.8)
|2 2001
|
| 100 |
1 |
|
|a Klimovský, Daniel,
|d 1979-
|4 aut
|9 213248
|
| 245 |
1 |
0 |
|a Základy verejnej správy
|c Daniel Klimovský ; [mapy pripravil Miroslav Kiš]
|
| 250 |
|
|
|a 1. vyd.
|
| 260 |
|
|
|a Bratislava
|b Wolters Kluwer
|c 2014
|
| 300 |
|
|
|a 455 s.
|b mp., sch., tab.
|c 24 cm
|
| 490 |
1 |
|
|a Ekonómia ;
|v 483
|
| 500 |
|
|
|a Celkovo 2. preprac. a dopl. vyd.
|
| 504 |
|
|
|a Bibliogr.: s. 404-447 ; reg.
|
| 650 |
0 |
7 |
|a verejná správa
|2 SNKPH
|9 1538
|
| 650 |
0 |
7 |
|a Public administration
|2 SNKPHeng
|9 266247
|
| 655 |
|
7 |
|a učebnice vysokých škôl
|2 SNKPH
|9 70191
|
| 655 |
|
7 |
|a Textbooks (higher)
|2 SNKPHeng
|9 276436
|
| 852 |
|
|
|a Štátna vedecká knižnica v Banskej Bystrici
|
| 919 |
|
|
|a 978-80-8168-002-1
|
| 958 |
|
|
|a NB
|
| 999 |
|
|
|c 1012113
|d 1014043
|
| 952 |
|
|
|a SNK
|b SNK
|y PREZ
|7 0
|p 17A1108623
|o snkSC 159152
|i snk2014/9510
|8 0
|0 0
|1 0
|4 0
|d 2014-04-15
|f 1
|l 0
|r 2025-08-21 00:00:00
|w 2026-02-24
|
| 952 |
|
|
|a SNK
|b SNK
|y VYP
|7 0
|p 17A1108572
|o snkSC 159152 D1
|i snk2014/9511
|8 0
|3 Poškodená väzba!
|0 0
|1 0
|4 0
|d 2014-04-15
|l 0
|r 2026-02-24 12:57:04
|w 2026-02-24
|